000 01545cam a22004454i 4500
003 PE-LiUPU
005 20250731172815.0
008 150617s r 000 0 d
035 _a(Sirsi) a13819
040 _aPE-LiUPU
_bspa
_cPE-LiUPU
_erda
049 _aPRUA
082 0 4 _a231.74
_bS31
_221
100 1 _aSchaeffer, Francis A.,
_eautor.
245 1 3 _aEl está presente y no está callado /
_cFrancis A. Schaeffer.
264 1 _aMiami :
_bLogoi,
_c1974.
300 _a108 páginas ;
_c21 cm
336 _atext
_2rdacontent
337 _aunmediated
_2rdamedia
338 _avolume
_2rdacarrier
505 0 _aLa necesidad matafísica. -La necesidad moral. -La necesidad epistemológica: El problema. -La necesidad epistemológica: La respuesta. -Apéndices. -¿Es absurda la revelación proposicional?. -"Fe" contra fe.
526 _aSEG42
526 _aSEG41
526 _aSEG40
526 _aSEG39
526 _aP94
526 _aP87
526 _aP86
526 _aP85
526 _aP77
526 _aP76
526 _aP35
650 0 4 _aDios.
_93786
910 _ajck
_bjvq
_cjck
_d20150616
942 _2ddc
_cBOOK
949 _a231.74 S31
_wDEWEY
_c1
_i18458
_lCCODEBUL1
_mBUL
_p00.00
_r0
_sY
_tBOOK
_u19801219
_xTEOLOGIA
_PP35
_0COMPRA
_o.STAFF. Colección General
994 _aC0
_bPEPRU
596 _a1
999 _a231.74 S31
_wDEWEY
_c4228
_i18458
_f2021-11-11
_g5
_lCCODEBUL1
_mBUL
_r0
_sY
_tBOOK
_u2015-6-17
_xTEOLOGIA
_PP35
_0COMPRA
_o.STAFF. Colección General
_d4228
980 _81
_gALBERTO SANCHEZ Responsable de Automatización